Responses for Show #7287 - Tuesday, April 26, 2016

Buzzy Cohen game 2.

Contestants

[<< previous game]

Jerry Vinokurov, a software developer from Pittsburgh, Pennsylvania

Stephanie Hunt, a graduate student from Highland Park, New Jersey

Buzzy Cohen, a music executive from Los Angeles, California (whose 1-day cash winnings total $33,601)

[next game >>]

Jeopardy! Round responses

ANKARA BABIES
WORDS IN CHARLES DICKENS NOVEL TITLES
JUST DEAL!
RHYME HERE
MY COUNTRY
'TIS "OF THE" MOVIE
    $200 17
(Buzzy: [No response])
(Alex: No?)
(Buzzy: No.)
...
(Alex: Yes, curiosity killed the cat.)

The Old Curiosity Shop

BuzzyJerry
    $200 15
bridge

Jerry
    $200 9
a sphere

Buzzy
    $200 1
Guardians of the Galaxy

Stephanie
    $400 16
leapfrog

Stephanie
    $400 8
(Alex: Yes. [*] of Two Cities.)

a tale

Buzzy
    $400 27
solitaire

Stephanie
    $400 10
persevere

Jerry
    $400 28
[The end-of-round signal sounds.]

Canada

Stephanie
    $400 2
(Alex: And that's from [*]. Obviously, my Daniel Day-Lewis needs some work.)

Last of the Mohicans

Triple Stumper
    $600 18
a lullaby

Stephanie
    $600 5
(Alex: From Dombey and [*], correct response--what is [*]?)

son

Triple Stumper
    $600 24
the flop

Buzzy
    $600 11
a steer

Jerry
    $600 21
Switzerland

Jerry
    $600 3
(Jerry: What is Animal House?)

Close Encounters of the Third Kind

StephanieJerry
    $800 19
Turkish delight

Stephanie
    $800 6
The Mystery of Edwin Drood

Jerry
    $1,800 25
(Alex: We have less than a minute now.)

canasta

Buzzy
    $800 12
austere

Buzzy
    $800 22
Greece

Jerry
    $800 4
Shaun of the Dead

Jerry
    $1000 20
the evil eye

Jerry
    $1000 7
(Buzzy: What is a corporation?)
...
(Alex: [*]. Our [*] Friend.)

mutual

Buzzy
Triple Stumper
    $1000 26
(Buzzy: What is baccarat?)

chemin-de-fer

Buzzy
Triple Stumper
    $1000 13
(Alex: You're gonna love it.)
(Jerry: Oh!)
(Alex: Was renamed [*].)
(Stephanie: Oh.)

Revere

Triple Stumper
    $1000 23
Argentina

Jerry
    $1000 14
(Jerry: What is PCU?)
...
(Alex: Yes, it had to contain "of the".)

Revenge of the Nerds

BuzzyJerry

Scores at the first commercial break (after clue 15):

Buzzy Stephanie Jerry
$1,400 $800 $1,200

Scores at the end of the Jeopardy! Round:

Buzzy Stephanie Jerry
$2,600 $3,400 $4,800

Double Jeopardy! Round responses

THE BROAD
(Alex: L.A.'s new contemporary art museum.)
U.S. GEOGRAPHY
GOVERNMENTAL LAST NAME'S THE SAME
COMICS' BOOKS
WORLD WAR II
"LIP" SERVICE
    $400 21
silkscreen

Buzzy
    $400 6
Honolulu

Buzzy
    $400 27
Jimmy Carter and Ashton Carter

Triple Stumper
    $400 9
Bill Maher

Triple Stumper
    $400 20
Mussolini

Jerry
    $400 1
a slip

Buzzy
    $800 22
(Jasper) Johns

Jerry
    $2,000 7
the Colorado River

Buzzy
    $800 23
(Anthony and Robert) Kennedy

Buzzy
    $800 10
(Jerry: Who is Jack Handey?)

George Carlin

Jerry
Triple Stumper
    $800 13
fish

Stephanie
    $800 2
tulips

Buzzy
    $1200 24
(Jerry: Who are Tom Thumb and Alice?)
...
(Alex: Less than a minute now.)

Gulliver and Alice

Jerry
Triple Stumper
    $1200 8
(Buzzy: What is Utah?)
(Jerry: What is Indiana?)
(Stephanie: What is Nevada?)

Nebraska

BuzzyStephanieJerry
Triple Stumper
    $1200 18
Davis

Jerry
    $1200 28
(Jerry: Who is Handler?)

Mindy Kaling

Jerry
Triple Stumper
    $1200 14
the Himalayas

Stephanie
    $1200 3
lipids

Stephanie
    $1600 25
(Roy) Lichtenstein

Buzzy
    $1600 11
the Hamptons

Jerry
    $6,400 17
(Elizabeth and Earl) Warren

Jerry
    $1600 29
[The end-of-round signal sounds.]

Steve Martin

Jerry
    $1600 15
Rommel

Stephanie
    $1600 4
loose lips

Buzzy
    $2000 26
(Jean-Michel) Basquiat

Buzzy
    $2000 12
(Buzzy: What are the Aleutians?)
(Jerry: What the Nootka Islands?)

the Pribilof Islands

BuzzyJerry
Triple Stumper
    $2000 19
(Fred and Tommy) Thompson

Jerry
    $2000 16
(Stephanie: What is Stalingrad?)

Leningrad

StephanieJerry
    $2000 5
Lipizzaners

Jerry

Scores at the end of the Double Jeopardy! Round:

Buzzy Stephanie Jerry
$9,400 $5,000 $16,400

[wagering suggestions for these scores]

Final Jeopardy! Round responses

LITERARY QUOTES
(Alex: I wonder if it might've helped you if I had said... [Imitating Count Dracula] "The blood is the life.")
...
(Jerry: I was trying to write "Germinal".)
StephanieWhat is Dracula?
$4,995
BuzzyWhat is Dracula?
$7,001
JerryWhat is Germina
$2,401
Dracula

Final scores:

Buzzy Stephanie Jerry
$16,401 $9,995 $13,999
2-day champion: $50,002 3rd place: $1,000 2nd place: $2,000

Game dynamics:

Coryat scores:

Buzzy Stephanie Jerry
$7,200 $5,000 $11,600
15 R
(including 2 DDs),
5 W
11 R,
2 W
19 R
(including 1 DD),
7 W

Combined Coryat: $23,800

[game clues] [game scores] [suggest correction]

Game tape date: 2016-03-07
The J! Archive is created by fans, for fans. Scraping, republication, monetization, and malicious use prohibited; this site may use cookies and collect identifying information. See terms. The Jeopardy! game show and all elements thereof, including but not limited to copyright and trademark thereto, are the property of Jeopardy Productions, Inc. and are protected under law. This website is not affiliated with, sponsored by, or operated by Jeopardy Productions, Inc. Join the discussion at JBoard.tv.